000
00244nam a2200109Ia 4500
008
190216s9999||||xx |||||||||||||| ||und||
100
_a
Das Gupta P
245
0
_a
Studies In Cost Accounting
260
_b
Null
_c
1978
300
_a
598p
942
_c
BK
999
_c
4345
_d
4345